<?xml version="1.0" encoding="UTF-8"?>
<record
    xmlns:xsi="http://www.w3.org/2001/XMLSchema-instance"
    xsi:schemaLocation="http://www.loc.gov/MARC21/slim http://www.loc.gov/standards/marcxml/schema/MARC21slim.xsd"
    xmlns="http://www.loc.gov/MARC21/slim">

  <leader>01775nam a22003137a 4500</leader>
  <controlfield tag="005">20240517114001.0</controlfield>
  <controlfield tag="008">230131t        mx d   gr||||  0| 0 spa|d</controlfield>
  <datafield tag="020" ind1=" " ind2=" ">
    <subfield code="a">9786077700104 (o. c.)</subfield>
  </datafield>
  <datafield tag="020" ind1=" " ind2=" ">
    <subfield code="a">9786077700111 (t. 1)</subfield>
  </datafield>
  <datafield tag="020" ind1=" " ind2=" ">
    <subfield code="a">9786077700128 (t. 2)</subfield>
  </datafield>
  <datafield tag="050" ind1="0" ind2="4">
    <subfield code="a">HN113.5</subfield>
    <subfield code="b">A86 2009</subfield>
  </datafield>
  <datafield tag="111" ind1="1" ind2=" ">
    <subfield code="a">Asociaci&#xF3;n Mexicana de Estudios Rurales.</subfield>
    <subfield code="b">Congreso</subfield>
    <subfield code="n">(5o. :</subfield>
    <subfield code="d">2005 :</subfield>
    <subfield code="c">Oaxaca de Ju&#xE1;rez, M&#xE9;xico)</subfield>
  </datafield>
  <datafield tag="245" ind1="1" ind2="0">
    <subfield code="a">Balance y perspectivas del campo mexicano  </subfield>
    <subfield code="b"> : a m&#xE1;s de una d&#xE9;cada del TLCAN y del movimiento zapatista </subfield>
    <subfield code="c"> / Ivonne Vizcarra Bordi, coordinadora general.</subfield>
  </datafield>
  <datafield tag="246" ind1="1" ind2="0">
    <subfield code="a">Balance y perspectivas del campo mexicano  </subfield>
    <subfield code="b"> : a m&#xE1;s de una d&#xE9;cada del Tratado de Libre Comercio de Am&#xE9;rica del Norte y del movimiento zapatista </subfield>
  </datafield>
  <datafield tag="250" ind1=" " ind2=" ">
    <subfield code="a">1a ed.</subfield>
  </datafield>
  <datafield tag="260" ind1=" " ind2=" ">
    <subfield code="a">M&#xE9;xico : </subfield>
    <subfield code="b">Asociaci&#xF3;n Mexicana de Estudios Rurales : </subfield>
    <subfield code="b">Consejo Nacional de Ciencia y Tecnolog&#xED;a:</subfield>
    <subfield code="b">Juan Pablos Editor,</subfield>
  </datafield>
  <datafield tag="260" ind1=" " ind2=" ">
    <subfield code="a">Toluca : </subfield>
    <subfield code="b">Universidad Aut&#xF3;noma del Estado de M&#xE9;xico ; </subfield>
    <subfield code="c"> 2009</subfield>
  </datafield>
  <datafield tag="300" ind1=" " ind2=" ">
    <subfield code="a">2 v. :</subfield>
    <subfield code="b">il. ;</subfield>
    <subfield code="c">21 cm.</subfield>
  </datafield>
  <datafield tag="504" ind1=" " ind2=" ">
    <subfield code="a">Incluye referencias bibliogr&#xE1;ficas</subfield>
  </datafield>
  <datafield tag="505" ind1="0" ind2="0">
    <subfield code="t">T. 1 Efectos y defectos de las pol&#xED;ticas </subfield>
    <subfield code="r"> / Francisco Gu&#xED;zar V&#xE1;zquez, Ivonne Vizcarra Bordi, coordinadores. --</subfield>
    <subfield code="t">T. 2 Globalizaci&#xF3;n y respuestas locales de la agroindustria /</subfield>
    <subfield code="r">Ang&#xE9;lica Espinoza Ortega, Fernando Cervantes Escoto, Enrique Espinosa Ayala (coordinadores).</subfield>
  </datafield>
  <datafield tag="650" ind1=" " ind2="4">
    <subfield code="a">Problemas sociales</subfield>
    <subfield code="z">M&#xE9;xico </subfield>
  </datafield>
  <datafield tag="651" ind1=" " ind2="4">
    <subfield code="a">M&#xE9;xico </subfield>
    <subfield code="x">Condiciones rurales </subfield>
    <subfield code="v">Congresos.</subfield>
  </datafield>
  <datafield tag="700" ind1="1" ind2=" ">
    <subfield code="a">Vizcarra, Ivonne, </subfield>
    <subfield code="e">coordinadora general.</subfield>
  </datafield>
  <datafield tag="700" ind1="1" ind2=" ">
    <subfield code="a">Gu&#xED;zar V&#xE1;zquez, Francisco, </subfield>
    <subfield code="e">coordinador</subfield>
  </datafield>
  <datafield tag="700" ind1="1" ind2=" ">
    <subfield code="a">Espinoza Ortega, Ang&#xE9;lica, </subfield>
    <subfield code="e">coordinadora</subfield>
  </datafield>
  <datafield tag="700" ind1="1" ind2=" ">
    <subfield code="a">Cervantes Escoto, Fernando, </subfield>
    <subfield code="e">coordinador</subfield>
  </datafield>
  <datafield tag="700" ind1="1" ind2=" ">
    <subfield code="a">Espinosa Ayala, Enrique, </subfield>
    <subfield code="e">coordinador</subfield>
  </datafield>
  <datafield tag="942" ind1=" " ind2=" ">
    <subfield code="2">lcc</subfield>
    <subfield code="c">LIB</subfield>
  </datafield>
  <datafield tag="999" ind1=" " ind2=" ">
    <subfield code="c">64561</subfield>
    <subfield code="d">64561</subfield>
  </datafield>
  <datafield tag="952" ind1=" " ind2=" ">
    <subfield code="1">0</subfield>
    <subfield code="2">lcc</subfield>
    <subfield code="4">0</subfield>
    <subfield code="7">8</subfield>
    <subfield code="a">LIC-029</subfield>
    <subfield code="b">LIC-029</subfield>
    <subfield code="c">GENERAL</subfield>
    <subfield code="d">2024-05-20</subfield>
    <subfield code="e">POS-UC</subfield>
    <subfield code="f">1a ed.</subfield>
    <subfield code="h">T:1</subfield>
    <subfield code="i">CEA</subfield>
    <subfield code="k">CSA</subfield>
    <subfield code="o">HN113.5 A86 2009</subfield>
    <subfield code="p">BFE000015279</subfield>
    <subfield code="r">2018-11-28 00:00:00</subfield>
    <subfield code="t">1</subfield>
    <subfield code="v">1.00</subfield>
    <subfield code="y">LIB</subfield>
  </datafield>
  <datafield tag="952" ind1=" " ind2=" ">
    <subfield code="1">0</subfield>
    <subfield code="2">lcc</subfield>
    <subfield code="4">0</subfield>
    <subfield code="7">8</subfield>
    <subfield code="a">LIC-029</subfield>
    <subfield code="b">LIC-029</subfield>
    <subfield code="c">GENERAL</subfield>
    <subfield code="d">2024-05-17</subfield>
    <subfield code="e">POS-UC</subfield>
    <subfield code="f">1a ed.</subfield>
    <subfield code="h">T:2</subfield>
    <subfield code="i">CEA</subfield>
    <subfield code="k">CSA</subfield>
    <subfield code="o">HN113.5 A86 2009</subfield>
    <subfield code="p">BFE000015280</subfield>
    <subfield code="r">2018-11-28 00:00:00</subfield>
    <subfield code="t">1</subfield>
    <subfield code="v">1.00</subfield>
    <subfield code="y">LIB</subfield>
  </datafield>
</record>
